000 01428nam a2200337 a 4500
999 _c91037
_d91037
003 BLK
005 20250315005702.0
008 180408b bul|||||r ||||||| ||bul||
010 _aKNG00095789000
040 _aBLK
041 _aBUL
_cBUL
080 _aНемска литература
_b821.112.2
_x-93-34
_z821.112.2-93-34
100 _aГрим, Вилхелм
_d1786 - 1859
_9363315
139 _aГрим, Вилхелм и др.
_bГ 82
245 1 0 _aХензел и Гретел
_cВилхелм Грим; съавт. Якоб Грим; ил. Нардини; прев. от нем. Асен Разцветников.
257 _aDEU
260 _bБълг. писател
_c1991
_fСофия : Офсетграфик
_aСофия
300 _a14 с.
_bс цв. ил.
_c30 см
380 _aDX
500 _aБез сведение за ориг. загл. - 1. изд. 1930 на изд. Ив. Коюмджиев
700 _aГрим, Якоб
_d1785 - 1863
_9363316
700 1 _aНардини
_eил.
_9100655
700 1 _aРазцветников, Асен
_d1897 - 1951
_qКоларов, Асен Петков
_eпрев. от нем.
_gКоларов, Асен Петков
_9114515
852 _aЦб ІІ 16228
856 4 _qpdf
856 4 _qpdf
942 _cKNG
_n0
_09
_s1
944 _aCR
_c29.04.2010
_k
_lCRON CRON
944 _aED
_c04.10.2016
_kГеновева_Генчева
999 _d91037